000 00435nam a2200181Ia 4500
001 15530
005 20260306170202.0
008 260306t2012||||xx |||||||||||||| ||und||
041 _aESP
082 _a542.1
_bD52
100 _aDelgado Ortiz, Sara E.
_eAUT
245 0 _aLaboratorio de química general
260 _c2012
300 _avi, 374 páginas :
_c27 cm.
650 _aGEN
654 _aCCN
942 _cLIB
_dJUS
_fJUS
_2ddc
_n
999 _c15530
_d15530